00531nam a2200169Ia 4500100003000000650001300030942000700043366000700050654000900057245005900066260002200125082001300147300000800160546002400168999001700192952015200209 aMoore/Dana/ Budd/Raymond  aInternet cBK f20 aAJAX aProfessional Rich Internet Application AJAX and beyond bWiley Indiac2007 a4.6bMOO a565 aENGLISHcPAMPHALETS c19831d19831 001040708CRCaCRCEbCRCEd2023-03-17eProfessional Book House.g399.20i206 dt 18/12/2010l0o4.6 MOOp21240r2023-03-17v499.00w0000-00-00yBK